| 000 | 01473nam1a2200265 i 4500 | ||
|---|---|---|---|
| 001 | RU\NLR\BIBL_A\010663091 | ||
| 005 | 20260408081509.0 | ||
| 010 | _a9785926606048 | ||
| 035 | _a(NLR Aleph) 010663091 | ||
| 090 |
_a10751004 _c10751004 |
||
| 100 | _a20140711g20149999u y0rusy50 ca | ||
| 101 | 0 |
_arus _aeng |
|
| 102 | _aRU | ||
| 105 | _a||||j|||||||| | ||
| 200 | 1 |
_aАнглийский язык _eдля курсантов и слушателей _eучебное пособие ("Безопасность информационных технологий", "Информационные системы и технологии") _fМ-во внутрен. дел Рос. Федерации, Краснод. ун-т _g[сост.: О.А. Михайлина, С.В. Кулинская, кандидаты филол. наук, доценты] |
|
| 210 |
_aКраснодар _cКрУ МВД России _d2014 |
||
| 215 | _d20 | ||
| 606 | 1 |
_aАнглийский язык _xУчебные издания для информационно-технологической отрасли _92408835 _3RU\NLR\AUTH\661435381 |
|
| 686 | 1 | _aШ143.21-93рус328.71 | |
| 702 | 1 |
_aМихайлина _bО. А. _gОльга Анатольевна _4220 |
|
| 712 | 0 | 2 |
_4570 _aКраснодарский университет МВД России _9746802 _3RU\NLR\AUTH\8810124602 |
| 852 |
_aNLR _j2014-3/20679 |
||
| 942 | _cBOOK | ||